Relationship between natural gas consumption and economic activity at the industrial and domestic sectors in Pakistan/ (Record no. 331493)
[ view plain ]
| 000 -LEADER | |
|---|---|
| fixed length control field | 00653nam a22001937a 4500 |
| 003 - CONTROL NUMBER IDENTIFIER | |
| control field | NUST |
| 005 - DATE AND TIME OF LATEST TRANSACTION | |
| control field | 20250221124649.0 |
| 008 - FIXED-LENGTH DATA ELEMENTS--GENERAL INFORMATION | |
| fixed length control field | 171002b xxu||||| |||| 00| 0 eng d |
| 040 ## - CATALOGING SOURCE | |
| Transcribing agency | NUST |
| 082 ## - DEWEY DECIMAL CLASSIFICATION NUMBER | |
| Classification number | 200 |
| 100 ## - MAIN ENTRY--PERSONAL NAME | |
| Personal name | Khalid,Sheikh Ahmad |
| 9 (RLIN) | 5127 |
| 245 ## - TITLE STATEMENT | |
| Title | Relationship between natural gas consumption and economic activity at the industrial and domestic sectors in Pakistan/ |
| Statement of responsibility, etc. | Sheikh Ahmad Khalid, |
| 260 ## - PUBLICATION, DISTRIBUTION, ETC. | |
| Place of publication, distribution, etc. | Islamabad |
| Date of publication, distribution, etc. | 2014 |
| Name of publisher, distributor, etc. | S3H-NUST |
| 300 ## - PHYSICAL DESCRIPTION | |
| Extent | 54p |
| 600 ## - SUBJECT ADDED ENTRY--PERSONAL NAME | |
| General subdivision | MS- Mass Communication |
| 9 (RLIN) | 127937 |
| 700 ## - ADDED ENTRY--PERSONAL NAME | |
| Personal name | Supervisor: Dr. Faisal Jamil |
| 9 (RLIN) | 127939 |
| 856 ## - ELECTRONIC LOCATION AND ACCESS | |
| Uniform Resource Identifier | <a href="http://10.250.8.41:8080/xmlui/handle/123456789/3354">http://10.250.8.41:8080/xmlui/handle/123456789/3354</a> |
| 942 ## - ADDED ENTRY ELEMENTS (KOHA) | |
| Source of classification or shelving scheme | |
| Koha item type | Soft Copy |
| Withdrawn status | Lost status | Source of classification or shelving scheme | Damaged status | Not for loan | Permanent Location | Current Location | Shelving location | Date acquired | Full call number | Barcode | Date last seen | Price effective from | Koha item type |
|---|---|---|---|---|---|---|---|---|---|---|---|---|---|
| Central Library (CL) | Central Library (CL) | Thesis | 02/18/2020 | 200 | CL-T-5132 | 02/18/2020 | 02/18/2020 | Soft Copy |
